[Event "Salon de Provence op 6th"]
[Site "Salon de Provence"]
[Date "2015.07.04"]
[Round "3"]
[White "Kolb, Sebastien"]
[Black "Derige Kane, Yan"]
[Result "1-0"]
[WhiteElo "2077"]
[BlackElo "1940"]
[PlyCount "109"]
[EventDate "2015.07.04"]
[EventType "swiss"]
[EventRounds "9"]
[EventCountry "FRA"]
[SourceTitle "EXT 2016"]
[Source "ChessBase"]
[SourceDate "2015.10.08"]
[SourceVersion "1"]
[SourceVersionDate "2015.10.08"]
[SourceQuality "1"]

1. e4 e5 2. Nf3 Nc6 3. d4 exd4 4. Nxd4 Qh4 5. Nc3 Bb4 6. Ndb5 Ba5 7. Be2 a6 8. Nd4 Qxe4 9. Be3 Nf6 10. 0-0 Bxc3 11. bxc3 0-0 12. Bd3 Qe5 13. Re1 Qa5 14. Nf5 d6 15. g4 Bxf5 16. Bxf5 Rfe8 17. Qf3 Ne7 18. Bd3 Ng6 19. Bd4 Qg5 20. Bxf6 Qxf6 21. Qxf6 gxf6 22. Rxe8+ Rxe8 23. Rb1 b5 24. c4 c6 25. a4 bxa4 26. Ra1 Rb8 27. Rxa4 Rb6 28. c5 dxc5 29. Rxa6 Rxa6 30. Bxa6 Ne5 31. h3 Kf8 32. Kg2 Ke7 33. Kg3 Ng6 34. f4 Nf8 35. Bd3 Ng6 36. Be4 Kd6 37. c4 Kc7 38. h4 Kb6 39. h5 Nf8 40. g5 fxg5 41. fxg5 Kc7 42. Kg4 Kd6 43. Kf5 Nd7 44. Kf4 Nf8 45. Bf5 Ke7 46. Ke5 Kd8 47. Kd6 Ke8 48. Kxc6 Ke7 49. Kxc5 f6 50. g6 hxg6 51. hxg6 Ne6+ 52. Bxe6 Kxe6 53. Kd4 f5 54. c5 Kf6 55. c6 1-0

[Event "Salon de Provence op 6th"]
[Site "Salon de Provence"]
[Date "2015.07.04"]
[Round "6"]
[White "Kolb, Sebastien"]
[Black "Dudognon, Thibault"]
[Result "0-1"]
[WhiteElo "2077"]
[BlackElo "2164"]
[PlyCount "70"]
[EventDate "2015.07.04"]
[EventType "swiss"]
[EventRounds "9"]
[EventCountry "FRA"]
[SourceTitle "EXT 2016"]
[Source "ChessBase"]
[SourceDate "2015.10.08"]
[SourceVersion "1"]
[SourceVersionDate "2015.10.08"]
[SourceQuality "1"]

1. e4 c6 2. d4 d5 3. exd5 cxd5 4. c4 Nf6 5. Nc3 Nc6 6. Bg5 dxc4 7. d5 Ne5 8. Qd4 h6 9. Qxe5 hxg5 10. Bxc4 a6 11. Nge2 b5 12. Bb3 Bb7 13. Qxg5 Rh5 14. Qf4 g6 15. Ng3 Rh7 16. 0-0 Bh6 17. Qb4 Kf8 18. a4 a5 19. Qxb5 Ba6 20. Qc5 Bxf1 21. Rxf1 Bf4 22. Qd4 Bd6 23. h3 Qb8 24. Nb5 Be5 25. Qe3 Kg7 26. Re1 Bd6 27. Bc4 Qb7 28. Nxd6 exd6 29. Nf5+ gxf5 30. Qg5+ Kf8 31. Qxf6 Qb4 32. Qe7+ Kg8 33. Bd3 Qf4 34. Re3 Rg7 35. Rf3 Qxf3 0-1

[Event "Salon de Provence op 5th"]
[Site "Salon de Provence"]
[Date "2014.07.13"]
[Round "9"]
[White "Hernandez, Lara"]
[Black "Kolb, Sebastien"]
[Result "1/2-1/2"]
[WhiteElo "1732"]
[BlackElo "2057"]
[PlyCount "128"]
[EventDate "2014.07.05"]
[EventType "swiss"]
[EventRounds "9"]
[EventCountry "FRA"]
[SourceTitle "EXT 2015"]
[Source "ChessBase"]
[SourceDate "2014.11.20"]
[SourceVersion "1"]
[SourceVersionDate "2014.11.20"]
[SourceQuality "1"]

1. d4 Nf6 2. c4 g6 3. Nc3 Bg7 4. e4 d6 5. Nf3 0-0 6. Be2 e5 7. 0-0 Na6 8. Bg5 h6 9. Bxf6 Qxf6 10. d5 Qe7 11. g3 f5 12. Nh4 Qg5 13. exf5 gxf5 14. f4 exf4 15. Rxf4 Be5 16. Rf1 Bd7 17. Nf3 Qe3+ 18. Kh1 Bxc3 19. bxc3 Nc5 20. Nh4 Ne4 21. Qe1 Qxc3 22. Qxc3 Nxc3 23. Bd3 Ne4 24. Rae1 Rae8 25. Kg2 Nc5 26. Rxe8 Rxe8 27. Bxf5 Bxf5 28. Nxf5 Kh7 29. Nd4 Re4 30. Rf4 Re7 31. Rf6 h5 32. h4 Re4 33. Rf4 Kg6 34. Kf3 Re1 35. Nb5 Nd3 36. Rd4 Ne5+ 37. Kf2 Ra1 38. Nc3 Rc1 39. Nb5 Rc2+ 40. Ke3 Rxa2 41. Nxc7 Ra3+ 42. Kf2 Rf3+ 43. Kg2 Rc3 44. Nb5 Rc2+ 45. Kf1 Nxc4 46. Nxa7 Ne3+ 47. Kg1 Rg2+ 48. Kh1 Rxg3 49. Nb5 Nf5 50. Re4 Rg4 51. Re6+ Kf7 52. Nxd6+ Nxd6 53. Rxd6 Rxh4+ 54. Kg2 Rb4 55. Kh3 Ke7 56. Rh6 h4 57. Rg6 Kd7 58. Rh6 Kc7 59. Re6 b5 60. Rc6+ Kb7 61. Rc5 Kb6 62. Rc8 Rd4 63. d6 Rxd6 64. Kxh4 Rg6 1/2-1/2

[Event "Provence-ch 1213"]
[Site "Provence"]
[Date "2013.07.11"]
[Round "8"]
[White "Petrossian, Armen"]
[Black "Kolb, Sebastien"]
[Result "1-0"]
[WhiteElo "2409"]
[BlackElo "2049"]
[PlyCount "71"]
[EventDate "2013.07.06"]
[EventType "swiss"]
[EventRounds "9"]
[EventCountry "FRA"]
[SourceTitle "EXT 2015"]
[Source "ChessBase"]
[SourceDate "2014.11.20"]
[SourceVersion "1"]
[SourceVersionDate "2014.11.20"]
[SourceQuality "1"]

1. e4 c5 2. Nf3 Nc6 3. Bb5 Nf6 4. Nc3 g6 5. h3 Bg7 6. e5 Ng8 7. Bxc6 dxc6 8. d3 Nh6 9. g4 b6 10. Bf4 f5 11. exf6 exf6 12. Qe2+ Qe7 13. Qxe7+ Kxe7 14. 0-0-0 Rd8 15. d4 g5 16. Bg3 Nxg4 17. hxg4 Bxg4 18. Rde1+ Kf7 19. Nh2 cxd4 20. Nxg4 dxc3 21. Rxh7 cxb2+ 22. Kb1 Re8 23. Rhh1 Rad8 24. Ne3 Kg6 25. Nc4 b5 26. Nxb2 f5 27. f4 Rxe1+ 28. Rxe1 Rd4 29. Nd3 g4 30. Re6+ Kf7 31. Rxc6 Re4 32. Ne5+ Bxe5 33. fxe5 f4 34. Rf6+ Ke7 35. Rxf4 Rxe5 36. Rxg4 1-0

[Event "Meyreuil Promotion 0405"]
[Site "Meyreuil"]
[Date "2004.11.19"]
[Round "2"]
[White "Kolb, Sebastien"]
[Black "Gozzo, Jean Claude"]
[Result "1-0"]
[WhiteElo "2040"]
[BlackElo "1590"]
[PlyCount "47"]
[EventDate "2004.10.16"]
[EventType "tourn"]
[EventRounds "9"]
[EventCountry "FRA"]
[SourceTitle "EXT 2008"]
[Source "ChessBase"]
[SourceDate "2007.11.25"]
[SourceVersion "1"]
[SourceVersionDate "2007.11.25"]
[SourceQuality "1"]

1. e4 e6 2. d4 d5 3. e5 c5 4. c3 Qb6 5. Nf3 Nc6 6. Bd3 cxd4 7. cxd4 Bd7 8. 0-0 Nxd4 9. Nxd4 Qxd4 10. Nc3 Qb6 11. Qe2 Ne7 12. Kh1 g6 13. Bg5 h5 14. Bf6 Rg8 15. Rac1 Rc8 16. f4 Bc6 17. Nb5 Kd7 18. Nd6 Rc7 19. Nxf7 Nf5 20. Bxf5 gxf5 21. Ng5 Bg7 22. b3 Bxf6 23. exf6 Qd4 24. Qxe6+ 1-0